[Event "EU-ch Rapid"]
[Site "Katowice"]
[Date "2021.12.18"]
[Round "2"]
[White "Donchenko, Alexander"]
[Black "Kolesnikovs, Ivans"]
[Result "1-0"]
[WhiteElo "2636"]
[BlackElo "2052"]
[PlyCount "59"]
[EventDate "2021.12.18"]
[EventType "swiss (rapid)"]
[EventRounds "11"]
[EventCountry "POL"]
[SourceTitle "CBM 205 Extra"]
[Source "ChessBase"]
[SourceDate "2022.01.31"]
[SourceVersion "1"]
[SourceVersionDate "2022.01.31"]
[SourceQuality "1"]

1. Nf3 d5 2. g3 Nf6 3. Bg2 e6 4. 0-0 Be7 5. c4 0-0 6. d4 dxc4 7. Qc2 b5 8. a4 c6 9. axb5 cxb5 10. Ng5 h6 11. Bxa8 hxg5 12. Bxg5 Qxd4 13. Be3 Qg4 14. Rxa7 Nbd7 15. Rd1 Bc5 16. Bxc5 Nxc5 17. Nc3 e5 18. Nd5 Nxd5 19. Bxd5 Bf5 20. Qd2 Nb3 21. Qe3 Nd4 22. Bf3 Qg6 23. Qxe5 Nxf3+ 24. exf3 Bd3 25. Qxb5 Be2 26. Re1 Bxf3 27. Qxc4 Qh5 28. Ra3 Bd5 29. Ra5 Rd8 30. Qh4 1-0

[Event "EU-ch Blitz"]
[Site "Katowice"]
[Date "2021.12.17"]
[Round "13"]
[White "Kolesnikovs, Ivans"]
[Black "Sliwicka, Alicja"]
[Result "0-1"]
[WhiteElo "2052"]
[BlackElo "2289"]
[PlyCount "60"]
[EventDate "2021.12.17"]
[EventType "swiss (blitz)"]
[EventRounds "22"]
[EventCountry "POL"]
[SourceTitle "CBM 205 Extra"]
[Source "ChessBase"]
[SourceDate "2022.01.31"]
[SourceVersion "1"]
[SourceVersionDate "2022.01.31"]
[SourceQuality "1"]

1. Nf3 c5 2. e4 d6 3. d4 cxd4 4. Nxd4 Nf6 5. Nc3 Bd7 6. g3 Nc6 7. Bg2 g6 8. 0-0 Bg7 9. Nd5 Nxd5 10. Nxc6 bxc6 11. exd5 c5 12. Rb1 0-0 13. Re1 Rb8 14. Qe2 Re8 15. c4 Bf5 16. Be4 Bxe4 17. Qxe4 Qa5 18. a3 Rb3 19. Kf1 Bf6 20. Bf4 Reb8 21. Re2 Qc7 22. h4 h5 23. Bg5 Bxg5 24. hxg5 Kf8 25. g4 Rh3 26. Kg2 Rbb3 27. gxh5 Rxh5 28. Re3 Rxe3 29. Qxe3 Qd7 30. Qg3 Qf5 0-1

[Event "Riga Shirov&Maskacha rapid"]
[Site "Riga"]
[Date "2020.01.09"]
[Round "6"]
[White "Zemba, Viktors"]
[Black "Kolesnikovs, Ivans"]
[Result "0-1"]
[WhiteElo "1782"]
[BlackElo "2014"]
[PlyCount "74"]
[EventDate "2020.01.09"]
[EventType "swiss (rapid)"]
[EventRounds "9"]
[EventCountry "LAT"]
[SourceTitle "CBM 194 Extra"]
[Source "ChessBase"]
[SourceDate "2020.03.31"]
[SourceVersion "1"]
[SourceVersionDate "2020.03.31"]
[SourceQuality "1"]

1. d4 Nf6 2. Nf3 g6 3. Bf4 Bg7 4. Nbd2 0-0 5. e4 d6 6. h3 Nfd7 7. Bg5 c5 8. c3 cxd4 9. cxd4 Nc6 10. Nb3 a5 11. a4 h6 12. Be3 e5 13. d5 Ne7 14. Qd2 Kh7 15. g4 b6 16. Bb5 Ba6 17. Bxa6 Rxa6 18. Qe2 Ra7 19. Nfd2 f5 20. f3 fxe4 21. fxe4 Rc7 22. Nc4 Nf6 23. Bxb6 Qd7 24. Nbxa5 Rcc8 25. b4 Nxe4 26. Qxe4 Rf4 27. Qe2 Nxd5 28. Bf2 Nxb4 29. 0-0 e4 30. Nb6 Qc7 31. Rac1 Qxc1 32. Nac4 Rxc4 33. Nxc4 Qc3 34. Nxd6 Qxh3 35. Nxe4 Rxg4+ 36. Ng3 h5 37. Rb1 h4 0-1

[Event "Riga RTU rapid op"]
[Site "Riga"]
[Date "2019.07.04"]
[Round "5"]
[White "Ciolek, Andreas"]
[Black "Kolesnikovs, Ivans"]
[Result "1-0"]
[WhiteElo "2158"]
[BlackElo "2013"]
[PlyCount "65"]
[EventDate "2019.07.04"]
[EventType "swiss (rapid)"]
[EventRounds "9"]
[EventCountry "LAT"]
[SourceTitle "EXT 2020"]
[Source "ChessBase"]
[SourceDate "2019.10.17"]
[SourceVersion "1"]
[SourceVersionDate "2019.10.17"]
[SourceQuality "1"]

1. e4 e6 2. Qe2 c5 3. g3 Nc6 4. Nf3 d6 5. Bg2 Nf6 6. 0-0 e5 7. c3 Be7 8. Rd1 Bg4 9. h3 Bh5 10. d3 0-0 11. Nbd2 Re8 12. Nf1 b5 13. g4 Bg6 14. Ng3 Bf8 15. Nf5 Bxf5 16. gxf5 Qc7 17. Kh1 d5 18. Bg5 dxe4 19. dxe4 Nd7 20. Nd2 c4 21. Nf1 f6 22. Be3 Nc5 23. Rd5 Na5 24. Rad1 a6 25. Bxc5 Bxc5 26. Rd7 Qb6 27. Qh5 Re7 28. Rxe7 Bxe7 29. Rd7 Bf8 30. Ne3 Kh8 31. Nd5 Qc6 32. Rf7 Rd8 33. Nxf6 1-0

[Event "LAT-chT"]
[Site "Riga"]
[Date "2019.02.16"]
[Round "2.4"]
[White "Kolesnikovs, Ivans"]
[Black "Shulman, Vladlen"]
[Result "1/2-1/2"]
[WhiteElo "2013"]
[BlackElo "2247"]
[PlyCount "110"]
[EventDate "2019.02.16"]
[EventType "team-tourn"]
[EventRounds "9"]
[EventCountry "LAT"]
[SourceTitle "CBM 189 Extra"]
[Source "ChessBase"]
[SourceDate "2019.06.03"]
[SourceVersion "1"]
[SourceVersionDate "2019.06.03"]
[SourceQuality "1"]
[WhiteTeam "The Royal Biograph"]
[BlackTeam "Ventspils"]
[WhiteTeamCountry "LAT"]
[BlackTeamCountry "LAT"]

1. e4 g6 2. d4 Bg7 3. Nc3 d6 4. Nf3 Nf6 5. Bg5 h6 6. Be3 c6 7. Qd2 b5 8. a3 Ng4 9. Bf4 g5 10. Bg3 Nf6 11. h4 g4 12. Ng1 Nh5 13. Nge2 Nd7 14. Rd1 Nb6 15. Nf4 Nxg3 16. fxg3 h5 17. Be2 e5 18. dxe5 Bxe5 19. 0-0 Nc4 20. Bxc4 Qb6+ 21. Kh2 bxc4 22. Rb1 Rb8 23. b4 Qd4 24. Qxd4 Bxd4 25. Nce2 Be5 26. Rbd1 Bd7 27. Rf2 Kd8 28. Nd4 Kc7 29. Nfe2 Rh7 30. Rdf1 Rf8 31. Rd1 Re8 32. Nf4 a6 33. a4 Kb7 34. c3 Kc7 35. b5 axb5 36. axb5 Bxf4 37. Rxf4 cxb5 38. Ra1 Kb7 39. Rf6 Rxe4 40. Rxd6 f5 41. Rda6 Rxd4 42. cxd4 b4 43. Ra7+ Kc6 44. R1a4 Kb6 45. R7a6+ Kb7 46. Ra7+ Kb6 47. R7a6+ Kb7 48. Ra7+ Kb6 49. R4a6+ Kb5 50. Ra5+ Kb6 51. R5a6+ Kb5 52. Ra5+ Kb6 53. R5a6+ Kb5 54. Ra5+ Kb6 55. R5a6+ Kb5 1/2-1/2

[Event "EU-ch rapid"]
[Site "Skopje"]
[Date "2018.12.08"]
[Round "1"]
[White "Kolesnikovs, Ivans"]
[Black "Saric, Ivan"]
[Result "0-1"]
[WhiteElo "2015"]
[BlackElo "2695"]
[PlyCount "58"]
[EventDate "2018.12.08"]
[EventType "swiss (rapid)"]
[EventRounds "13"]
[EventCountry "MKD"]
[SourceTitle "CBM 187 Extra"]
[Source "ChessBase"]
[SourceDate "2018.11.04"]
[SourceVersion "1"]
[SourceVersionDate "2018.11.04"]
[SourceQuality "1"]

1. e4 g6 2. d4 Bg7 3. Nc3 d6 4. Bg5 c6 5. Qd2 b5 6. a3 Nd7 7. 0-0-0 a5 8. Nf3 b4 9. Nb1 Ngf6 10. Bd3 0-0 11. h4 d5 12. e5 Ne4 13. Qe3 f6 14. Bh6 bxa3 15. Nxa3 Nxf2 16. Bxg7 Nxd1 17. Qh6 Rf7 18. e6 Rxg7 19. exd7 Nxb2 20. Kxb2 Bxd7 21. h5 g5 22. Kc1 Rb8 23. Ne5 fxe5 24. Bxh7+ Rxh7 25. Qxg5+ Rg7 26. Qxe5 e6 27. Kd1 Rg5 28. Qf4 e5 29. dxe5 Rb4 0-1

[Event "LAT-chT"]
[Site "Riga"]
[Date "2018.06.09"]
[Round "2.3"]
[White "Kolesnikovs, Ivans"]
[Black "Sveshnikov, Vladimir"]
[Result "1-0"]
[WhiteElo "2016"]
[BlackElo "2387"]
[PlyCount "80"]
[EventDate "2018.06.09"]
[EventType "team-tourn"]
[EventRounds "11"]
[EventCountry "LAT"]
[SourceTitle "CBM 184 Extra"]
[Source "ChessBase"]
[SourceDate "2018.06.28"]
[SourceVersion "1"]
[SourceVersionDate "2018.06.28"]
[SourceQuality "1"]
[WhiteTeam "The Royal Biograph"]
[BlackTeam "Termo Eko/RSF"]
[WhiteTeamCountry "LAT"]
[BlackTeamCountry "LAT"]

1. e4 Nf6 2. e5 Nd5 3. d4 d6 4. c4 Nb6 5. exd6 exd6 6. Nc3 Be7 7. Bd3 0-0 8. Nge2 Na6 9. 0-0 c6 10. b3 Nb4 11. Be3 d5 12. c5 Nd7 13. Bb1 Re8 14. a3 Na6 15. Bd3 Nc7 16. Qc2 g6 17. b4 b6 18. cxb6 Nxb6 19. Na4 Nxa4 20. Qxa4 Bd7 21. Qc2 Bd6 22. Qd2 Ne6 23. Nf4 a5 24. Nxe6 Rxe6 25. Rfb1 axb4 26. axb4 Rxa1 27. Rxa1 Qb8 28. h3 Qxb4 29. Qc2 Re8 30. Rb1 Qa3 31. Rb7 Re7 32. Rb3 Qa5 33. Bd2 Qa1+ 34. Rb1 Qxd4 35. Bc3 Qf4 36. g3 Qf3 37. Kh2 c5 38. Rb6 d4 39. Rxd6 dxc3 40. Bf1 Bc6 1-0

[Event "EU-ch blitz"]
[Site "Katowice"]
[Date "2017.12.15"]
[Round "4"]
[White "Lubczynski, Rafal"]
[Black "Kolesnikovs, Ivans"]
[Result "1-0"]
[WhiteElo "2429"]
[BlackElo "1996"]
[PlyCount "49"]
[EventDate "2017.12.15"]
[EventType "swiss (blitz)"]
[EventRounds "22"]
[EventCountry "POL"]
[SourceTitle "CBM 182 Extra"]
[Source "ChessBase"]
[SourceDate "2018.02.23"]
[SourceVersion "1"]
[SourceVersionDate "2018.02.23"]
[SourceQuality "1"]

1. Nf3 d5 2. c4 Nf6 3. b3 d4 4. Bb2 c5 5. g3 Nc6 6. Bg2 e5 7. d3 Bd6 8. 0-0 0-0 9. Na3 Re8 10. Nc2 Bg4 11. h3 Bh5 12. Nh4 e4 13. dxe4 Nxe4 14. Nf3 Qe7 15. Re1 Rad8 16. a3 a5 17. b4 axb4 18. axb4 b6 19. b5 Nb8 20. Qd3 Nd7 21. Ra7 Qf6 22. Ne3 Nxg3 23. Nd5 Qe6 24. fxg3 Bxg3 25. Ng5 1-0